| 000 | 01012cam a2200313 i 4500 | ||
|---|---|---|---|
| 999 |
_c150652 _d27506 |
||
| 001 | 150652 | ||
| 003 | TR-AnTOB | ||
| 005 | 20240109113622.0 | ||
| 007 | ta | ||
| 008 | 080506s1972 tu 000 0 tur d | ||
| 040 |
_aTR-AnTOB _beng _erda _cTR-AnTOB |
||
| 041 | _atur | ||
| 050 | _aHD9665.1 | ||
| 090 | _aHD9665.1 | ||
| 099 | _aTOBB ARA 1972 | ||
| 110 | 2 |
_aTürkiye Ticaret Odaları, Sanayi Odaları ve Ticaret Borsaları Birliği _965593 |
|
| 245 | 1 | 0 | _aArap ülkelerinde ilaç ve gıda maddeleri ithalatçı adresleri. |
| 264 | 1 |
_aAnkara : _bTürkiye Ticaret Odaları, Sanayi Odaları ve Ticaret Borsaları Birliği, _c1972. |
|
| 300 |
_a29 pages ; _c24 cm |
||
| 336 |
_atext _btxt _2rdacontent |
||
| 337 |
_aunmediated _bn _2rdamedia |
||
| 338 |
_avolume _bnc _2rdacarrier |
||
| 653 | 0 | _aFarmasötik endüstri--Arap ülkeleri | |
| 653 | 0 | _aBesin endüstrisi ve ticareti--Arap ülkeleri | |
| 902 | _aTA02206 (014139) | ||
| 903 | _aTOBB Yayınları Arşivi | ||
| 942 |
_2lcc _cBK |
||